Prečo zamestnanosť klesá: Prípad Slovenskej a Českej republiky
Konštrukcia indexu nezamestnanosti vyvolanej štruktúrnymi zmenami. Index v prípade dočasného poklesu zamestnanosti umožňuje kvantifikovať, aká časť pracovných miest sa stratila z dôvodu prebiehajúcich zmien. Index je založený na rozlíšení dočasných a trvalých zmien v zamestnanosti po odvetviach. Met...
Guardado en:
| Autor principal: | |
|---|---|
| Formato: | Capítulo de libro |
| Lenguaje: | inglés |
| Materias: | |
| Etiquetas: |
Sin Etiquetas, Sea el primero en etiquetar este registro!
|
MARC
| LEADER | 00000nla a2200000 4500 | ||
|---|---|---|---|
| 001 | 0176572 | ||
| 005 | 20240502073017.9 | ||
| 041 | 0 | |a eng | |
| 044 | |a SK | ||
| 245 | 1 | 0 | |a Prečo zamestnanosť klesá: Prípad Slovenskej a Českej republiky |c Daniel Dujava |
| 520 | |a Konštrukcia indexu nezamestnanosti vyvolanej štruktúrnymi zmenami. Index v prípade dočasného poklesu zamestnanosti umožňuje kvantifikovať, aká časť pracovných miest sa stratila z dôvodu prebiehajúcich zmien. Index je založený na rozlíšení dočasných a trvalých zmien v zamestnanosti po odvetviach. Metodika je aplikovaná na Slovenskú a Českú republiku v rokoch 1996-2007. | ||
| 610 | 2 | 0 | |a zamestnanosť |
| 610 | 2 | 0 | |a nezamestnanosť |
| 610 | 2 | 0 | |a indexy |
| 610 | 2 | 0 | |a Slovensko |
| 610 | 2 | 0 | |a Česko |
| 100 | 1 | |a Dujava, Daniel | |